| 000 | 00622cam a2200205ua 4500 | ||
|---|---|---|---|
| 001 | 10757 | ||
| 005 | 20260515114646.0 | ||
| 008 | 190401n ii |||gr||||Z||||||eng | ||
| 020 | _a8173912815 | ||
| 040 | _cMAIN | ||
| 082 | _a320.8 | ||
| 245 |
_aPanchayat system in india : _bHistorical, constitutional and financial analysis / _cEd by Ratna Ghosh and Alok Kumar Pramanik . |
||
| 250 | _a2nd ed. | ||
| 260 |
_aNew Delhi: _bKanishka publishers, distributors, _c2007. |
||
| 300 | _a244p. | ||
| 653 | _aPolitical science | ||
| 700 |
_aRatna Ghosh, _eAuthor., |
||
| 700 |
_aAlok Kumar Pramanik, _eAuthor., |
||
| 942 | _cBK | ||
| 999 |
_c9712 _d9712 |
||